Cicerón (Registro nro. 324167)

Detalles MARC
000 -ENCABEZADO
Número de control [NR] 00831nam a22002057a 4500
005 - FECHA Y HORA DE LA ÚLTIMA TRANSACCIÓN
control field 20240523080405.0
008 - DE LONGITUD FIJA DE DATOS DE ELEMENTOS - INFORMACIÓN GENERAL
Elementos de longitud fija [NR] 240508t ||||| |||| 00| 0 spa d
020 ## - NUMERO INTERNACIONAL NORMALIZADO PARA LIBROS [R]
Número Internacional Normalizado del libro [NR] 9789584958525
040 ## - FUENTE DE CATALOGACION [NR]
Agencia de catalogación original [NR] CO-BoUCM
Quien Cataloga David Moreno
Quien Clasifica David Moreno
041 ## - CODIGO DE IDIOMA [R]
Código de idioma para texto/pista de sonido o título separado [R] Español
100 1# - ASIENTO PRINCIPAL--NOMBRE PERSONAL [NR]
Nombre personal [NR] Alzate López, Augusto
ID Autoridad 180644
245 1# - MENCION DE TITULO [NR]
Título [NR] Cicerón
Parte restante del título [NR]
Mención de responsabilidad, etc. [NR] Augusto Alzate López
260 ## - PUBLICACION, DISTRIBUCION, ETC. (PIE DE IMPRENTA) [R]
Lugar de publicación, distribución, etc. [R] Manizales
Nombre del editor, distribuidor, etc. [R] Punto Litográfico Editorial
Fecha de publicación, distribución, etc. [R] 2022
300 ## - DESCRIPCION FISICA [R]
Extensión [R] 108 Páginas, [8] páginas de láminas
Otros detalles físicos [NR] ilustraciones
504 ## - NOTA DE BIBLIOGRAFIA, ETC. [R]
Nota de bibliografía, etc. [NR] Incluye referencias bibliográficas
600 14 - ASIENTO SECUNDARIO DE MATERIA - NOMBRE PERSONAL [R]
Nombre personal [NR] Cicerón, Marco Tulio
Fechas asociadas con el nombre [NR] 106-43 a.C.
Subdivisión de forma [R] Biografías
Subdivisión general [R] Crítica e interpretación
-- Pensamiento político y social
9 (RLIN) 180645
650 14 - ASIENTO SECUNDARIO DE MATERIA - TERMINO TEMATICO [R]
Término temático o nombre geográfico como elemento de entrada [NR] Oratoria
Subdivisión general [R] Elocuencia
-- Debates
Subdivisión geográfica [R] Roma
-- Grecia
9 (RLIN) 180646
942 ## - ELEMENTOS DE ENTRADA AGREGADOS (KOHA)
Sistema de clasificación DEWEY
Tema principal Derecho
Tipo de ítem principal el descrito en 300a Libro
Edición 1
Clasificación 932.2
Parte restante de la signatura top. C485a
Título oculto en OPAC No
Existencias
Total préstamos Signatura topográfica Código de barras Última vez visto Ejemplar Costo de reposición Price effective from Tipo de ítem Perdido Sistema de clasificación Dañado No prestable Tipo de ítem específico Suprimido Ubicación habitual Ubicación actual Localización Fecha de creación Forma de adquisición
  932.2 C485a 100172495 09/12/2025 Ej.1 26000.00 08/05/2024 Libro   DEWEY     Libro   Claustro Claustro 2do piso 08/05/2024 Donación